Fantastic Mr. Fox / (Record no. 1011)

MARC details
000 -LEADER
fixed length control field 00871nam a22002777a 4500
005 - DATE AND TIME OF LATEST TRANSACTION
control field 20231115093904.0
020 ## - INTERNATIONAL STANDARD BOOK NUMBER
International Standard Book Number 0394904974
020 ## - INTERNATIONAL STANDARD BOOK NUMBER
International Standard Book Number 9780142410349
040 ## - CATALOGING SOURCE
Original cataloging agency DLC
Language of cataloging eng
Transcribing agency DLC
Modifying agency DLC
050 00 - LIBRARY OF CONGRESS CALL NUMBER
Classification number PZ7.D1515
Item number Fan
082 00 - DEWEY DECIMAL CLASSIFICATION NUMBER
Classification number 823.914
100 1# - MAIN ENTRY--PERSONAL NAME
Personal name Dahl, Roald.
245 10 - TITLE STATEMENT
Title Fantastic Mr. Fox /
Statement of responsibility, etc. illustrator by Donald Chaffin.
250 ## - EDITION STATEMENT
Edition statement Reissue in this edition in 2007, 2013
260 ## - PUBLICATION, DISTRIBUTION, ETC.
Place of publication, distribution, etc. New York:
Name of publisher, distributor, etc. Puffin Books,
Date of publication, distribution, etc. 1970
300 ## - PHYSICAL DESCRIPTION
Extent 81 pages :
Other physical details illustrations. ;
Dimensions 20 cm.
505 ## - FORMATTED CONTENTS NOTE
Formatted contents note O <br/>
520 ## - SUMMARY, ETC.
Summary, etc. Three farmers, each one meaner than the other, try all-out warfare to get rid of the fox and his family.
521 ## - TARGET AUDIENCE NOTE
Target audience note 600<br/>
Source Lexile <br/>
521 ## - TARGET AUDIENCE NOTE
Target audience note O <br/>
Source Raz-Plus <br/>
650 #1 - SUBJECT ADDED ENTRY--TOPICAL TERM
Topical term or geographic name entry element Foxes
Form subdivision Fiction.
700 1# - ADDED ENTRY--PERSONAL NAME
Personal name Chaffin, Donald,
Relator term illustrator.
906 ## - LOCAL DATA ELEMENT F, LDF (RLIN)
a 7
b cbc
c orignew
d 2
e ncip
f 19
g y-gencatlg
942 ## - ADDED ENTRY ELEMENTS (KOHA)
Source of classification or shelving scheme Dewey Decimal Classification
Koha item type Books
Suppress in OPAC No
999 ## -
-- 1011
-- 1011
Holdings
Withdrawn status Lost status Source of classification or shelving scheme Damaged status Not for loan Collection Home library Current library Shelving location Date acquired Total Checkouts Full call number Barcode Date last seen Date last checked out Copy number Price effective from Koha item type
    Dewey Decimal Classification     Juvenile Fiction Footprints International School Library Network Toul Kork Campus Footprints International School Library Network Toul Kork Campus TK Primary Library Room(4th Floor), Bookcase 3&4, Shelves 17-32, Yellow Books 07/18/2023 2 DAH 823.914 PZ7.D1515 FISTK00031 03/20/2026 01/30/2026 1 07/18/2023 Books
    Dewey Decimal Classification     Juvenile Fiction Footprints International School Library Network Toul Kork Campus Footprints International School Library Network Toul Kork Campus TK Primary Library Room(4th Floor), Bookcase 3&4, Shelves 17-32, Yellow Books 07/18/2023   DAH 823.914 PZ7.D1515 FISTK03872 11/15/2023   2 07/18/2023 Books